00980nab a22002297a 4500999001500000003000400015005001700019008004100036040000700077100002800084245014200112260007200254300001100326500003900337505008900376650002600465650001900491650003400510650004900544773014400593942001300737 c5970d5970OSt20260114152625.0190605e xxu||||| |||| 00| 0 spa d cPJ aCordero, Julio G.9616713aLa salud y la seguridad en el trabajo como derechos fundamentales. 110.a Conferencia Internacional del Trabajo (OIT) /cJulio G. Cordero. aCiudad Autónoma de Buenos Aires :bThomson Reuters La Ley,c2022. ap. 5-6 aCita: TR LALEY AR/DOC/2433/2022.  t¿Te interesa el texto completo? Solicitalo al correo: koha@justierradelfuego.gov.ar 091316aDERECHO LABORAL 095233aPANDEMIA 091570aDERECHOS DEL TRABAJADOR 094925aORGANIZACION INTERNACIONAL DEL TRABAJO0 0271193168dCiudad Autónoma de Buenos Aires : Thomson Reuters La Ley, 1999-2002.tRevista de derecho del trabajo. Nº 5 - Septiembre 2022 2udccANA